The Tortured Poets Department - Trivia - Statistics

Estatísticas Gerais
  • Esse quiz foi jogado 27 vezes
  • A pontuação média é 11 de 17
Estatísticas das Respostas
Question...? Answers % Correto
How many songs does the album contains (+ The Anthology)? 31
100%
Chloe or Sam or Sophia or...? Marcus
100%
The artist that Taylor collaborates with in "Fortnight" Post Malone
100%
How many bars of chocolate are eaten in the title track? 7
89%
Lead single off of the album Fortnight
89%
"MBOBHFT" stands for... My Boy Only Breaks His Favorite Toys
89%
If you're not Dylan Thomas, then I'm not... Patti Smith
74%
Cassandra, Peter &...? Robin
68%
Which song is track 13 on the album? I Can Do It With a Broken Heart
63%
A singer that's referred in Clara Bow Stevie Nicks
63%
In "But Daddy I Love Him", Taylor's running with her dress... Unbuttoned
63%
How many times does Taylor says "fuck" in Down Bad? 17
53%
Which decade would Taylor choose to live in? 1830's
53%
Which city did Taylor perform "The Black Dog" for the very first time? London
47%
The first song to be played as a Surprise Song from the TTPD album loml
37%
What was the original title for "The Black Dog"? Old Habits Die Screaming
26%
From which song is the lyric "they have their friends over to drink nice wine"? I Look In People's Windows
21%
Nenhum quiz correspondente encontrado
Distribuição das Pontuações
Porcentagem de Pessoas com Cada Pontuação
Percentil de Números Respondidos
Sua Pontuação Histórica
Você não jogou esse quiz